Um homem com um garfo numa terra de sopas (Registo nº 314)

Detalhes MARC
000 -Etiqueta do registo
Cabeçalho 00679nam0a2200241 4500
005 - Identificador da versão
Campo de controlo 20240813121759.0
010 ## - Número internacional normalizado dos livros (ISBN)
Número (ISBN) 9724303780
021 ## - Número do Depósito Legal
Código do país PT
Número 146634/00
100 ## - Dados gerais de processamento
Dados gerais de processamento 20160622d2000 a e0pory5003 ba
102 ## - Pais de publicação ou produção
País de publicação Portugal
101 1# - Língua de publicação
Língua do texto, banda sonora, etc. Português
Língua do documento no original Espanhol
215 ## - Descrição física 
Indicação específica da natureza do documento e extensão da espécie 169, [4] p
200 1# - Titulo e menção de responsabilidade
Título próprio Um homem com um garfo numa terra de sopas
Primeira menção de responsabilidade Jordi Sierra i Fabra
225 2# - Colecção 
Título próprio da colecção Escritas do mundo
210 ## - Publicação, Distribuição, etc. 
Lugar da edição, distribuição, etc. Porto
Nome do editor, distribuidor, etc. Ambar
Data da publicação, distribuição, etc. 2000
606 ## - Nome comum usado como assunto
Número de registo de entrada de autoridade 0002758
Palavra de ordem Literatura espanhola
Subdivisão de assunto Romance
Código do sistema CA
675 ## - Classificação Decimal Universal (CDU)
Notação 821.134.2-31
Edição 3ª ed.
Língua da edição por
700 #1 - Nome de autor-pessoa física (responsabilidade principal)
Número de registo de entrada de autoridade 0003005
Palavra de ordem Sierra i Fabra
Outra parte do nome não tomada para palavra de ordem Jordi
Datas 1947-
966 ## - Identificação da Biblioteca
Sigla EB2,3ENM
942 ## - Elementos de entrada adicionados (Koha)
Tipo de item no Koha Livro
Exemplares
Situação do levantamento Origin of item (home branch) (coded) Biblioteca de empréstimo Código de barras Cota Circulation type (not for loan) Tipo de documento Nota do exemplar Damaged status
  Biblioteca Escolar Eng. Nuno Mergulhão Biblioteca Escolar Eng. Nuno Mergulhão BENM977 82LE-3 SIE   Livro Sem mensagem